Statistics for Match the rap lyrics

Click here to take the quiz!

General Stats

  • This quiz has been taken 38 times
  • The average score is 6 of 20

Answer Stats

HintAnswer% Correct
Tell me what you do for love, loyalty, and passion of
All the memories collected, moments you could never touch
Kendrick Lamar
80%
He crazy, I know what ya thinking ribena I know what you're drinking
Rap singer, Chain Blinger holla at the next chick soon as you're blinking
Kanye West
60%
Pull up in the monster, automobile gangsta
With a bad bitch that came from Sri Lanka
Nicki Minaj
53%
I just put diamonds on all of my teeth, now they probably think I ain't intelligent
In the homicide unit interrogation, asking questions, you know I ain’t tell 'em shit
Dababy
50%
Pray for Tekashi, they want him to rot, I picture him inside a cell on a cot
'Flectin' on how he made it to the top, wonderin' if it was worth it or not
J. cole
50%
Some say the blacker the berry, the sweeter the juice
I say the darker the flesh then the deeper the roots
2pac
43%
Lookin' at my bitch I bet she give your ass a bone
Lookin' at my wrist it'll turn your ass to stone
Rick Ross
40%
All black tux, I'm a businessman (pussy)
Millionaire, still shakin' killers hand (woah)
21 savage
33%
I step up in the club I'm like "Who you with?"
G-Unit in the house, yeah, that's my clique
50 cent
30%
Remember Rappin' Duke? Duh-ha, duh-ha
You never thought that hip-hop would take it this fa
The Notorious B.I.G.
30%
Drownin' in Actavis, suicide
When I hit the scene, it's homicide
Future
27%
Rockstar shit but I'm not Machine Gun (What?)
And I feel like I'm the only rockstar, the only onе (What? What?)
Playboi carti
27%
Okay, lil' mama had a swag like mine (yeah)
She even wear her hair down her back like mine (yeah)
Lil wayne
23%
You want action, you get turned into past tense
Your boys deep? Well, let's get to subtractin'
Tay-K
20%
Uno, dos, tres, it's on
Did you ever think a pimp rock a microphone?
Outkast
10%
Police steady watching me, every day they clocking me
Red alert, armed and dangerous, I keep that Glock on me
King von
7%
I say if you need a feature, homeboy, hit up my line
I love when me and Ben Franklin be spending some time
Chief keef
0%
I see the way the people get treated, it's problematic
They ready to save themself for failure, it's systematic
Denzel Curry
0%
Rollin' and runnin' from the police
Brother, don't you know you can't trust a thief
Eazy E
0%
Then crack the window in the kitchen, let it ventilate
'Cause I let it sizzle on the stove like a minute steak
Pusha T
0%

Score Distribution

Percentile by Number Answered

Percent of People with Each Score

Your Score History

You have not taken this quiz